Catálogo público

Curso de química analítica general / (Record no. 166091)

MARC details
000 -CABECERA
campo de control de longitud fija 02039nam a2200373Ia 4500
001 - NÚMERO DE CONTROL
campo de control Z_3004
003 - IDENTIFICADOR DEL NÚMERO DE CONTROL
campo de control CHAP
008 - DATOS DE LONGITUD FIJA--INFORMACIÓN GENERAL
campo de control de longitud fija 220113s1977 xx 000 0 und d
010 ## - NÚMERO DE CONTROL DE LA BIBLIOTECA DEL CONGRESO
Número de control de LC 166091
020 ## - NÚMERO INTERNACIONAL ESTÁNDAR DEL LIBRO
Número Internacional Estándar del Libro 84-311-0183--0 (obra completa) \ 84-311-0061-3 (tomo 1) \ 84-311-0182-2 (tomo 2) \ 84-311-0187-3 (tomo 3) \ 84-311-0210-1 (tomo 4)
040 ## - FUENTE DE LA CATALOGACIÓN
Centro/agencia transcriptor CHAP
082 ## - NÚMERO DE LA CLASIFICACIÓN DECIMAL DEWEY
Número de clasificación 543 C43
100 ## - ENTRADA PRINCIPAL--NOMBRE DE PERSONA
Nombre de persona Charlot, Gaston
9 (RLIN) 21977
240 ## - TÍTULO UNIFORME
Título uniforme Curso de química analítica general
245 ## - MENCIÓN DE TÍTULO
Título Curso de química analítica general /
Mención de responsabilidad, etc. Gaston Charlot; autores tomo 3 y 4 Magdeleine Machtiner y Robert Rosset; traducción Santiago Vicente Pérez, Jorge Calmet Fontane y José García Monjo
250 ## - MENCIÓN DE EDICIÓN
Mención de edición 2a ed.
260 ## - PUBLICACIÓN, DISTRIBUCIÓN, ETC.
Lugar de publicación, distribución, etc. España :
Nombre del editor, distribuidor, etc. Toray-Masson,
Fecha de publicación, distribución, etc. 1977
300 ## - DESCRIPCIÓN FÍSICA
Extensión 4 v.
500 ## - NOTA GENERAL
Nota general Título original de la obra : Chimie analytique générale \ Tomo 1: Solutions aqueuses et non aqueuses \ Tomo 2: Méthodes électrochimeques et absorptiométriques. chromatographie \ Tomo 3: Exercices, équilibres en milieu homogéne, équilibres hétérogénes, sépatations \ Tomo 4: Exerxices, coubres de titrage, reactions dans les solvans, méthodos électrochimiques, méthodes optiques
503 ## - NOTA DE HISTORIA BIBLIOGRÁFICA (BK CF MU) [OBSOLETO]
Nota de historia bibliográfica ej.1 v.1 tomo 1: 102246 \ ej.1 v.2 tomo 2: 102246 \ ej.1 v.3 tomo 3: 102246 \ ej.1 v.4 tomo 4: 102246
505 ## - NOTA DE CONTENIDO CON FORMATO
Nota de contenido con formato Tomo 1: Soluciones acuosas y no acuosas-- Tomo 2: Métodos electroquímicos y absorciométricos, cromatografía -- Tomo 3: Equilibrio en medio homogéneo, equilibrios heterogéneos, separaciones -- Tomo 4: Ejercición, Curvas de valoración, reacciones en los disolventes, métodos electroquímicos, métodos ópticos
650 ## - PUNTO DE ACCESO ADICIONAL DE MATERIA--TÉRMINO DE MATERIA
Término de materia o nombre geográfico como elemento de entrada Química analítica
9 (RLIN) 93582
700 ## - PUNTO DE ACCESO ADICIONAL--NOMBRE DE PERSONA
Nombre de persona Calmet Fontane, Jorge, tr.
9 (RLIN) 140155
700 ## - PUNTO DE ACCESO ADICIONAL--NOMBRE DE PERSONA
Nombre de persona García Monjo, José, tr.
9 (RLIN) 140156
700 ## - PUNTO DE ACCESO ADICIONAL--NOMBRE DE PERSONA
Nombre de persona Pérez, Santiago Vicente, tr.
9 (RLIN) 140157
700 ## - PUNTO DE ACCESO ADICIONAL--NOMBRE DE PERSONA
Nombre de persona Rosset, Robert, aut.
9 (RLIN) 140158
700 ## - PUNTO DE ACCESO ADICIONAL--NOMBRE DE PERSONA
Nombre de persona Machtiner, Magdeleine, aut.
9 (RLIN) 140159
901 ## - ELEMENTOS DE DATOS A LOCAL LDA (RLIN)
a 543 C43
902 ## - ELEMENTOS DE DATOS B LOCAL, LDB (RLIN)
a M
910 ## - DATOS DE OPCIÓN DEL USUARIO (OCLC)
Datos de opción del usuario 1977
942 ## - ELEMENTOS DE PUNTO DE ACCESO ADICIONAL (KOHA)
Tipo de ítem Koha Libro_
942 ## - ELEMENTOS DE PUNTO DE ACCESO ADICIONAL (KOHA)
Tipo de ítem Koha
Holdings
Estado de retiro Estado de pérdida Fuente del sistema de clasificación o colocación Estado dañado No para préstamo Código de colección Localización permanente Ubicación/localización actual Ubicación en estantería Fecha de adquisición Enumeración/cronología de publicación seriada Código de barras Fecha visto por última vez Número de copia Precio válido a partir de Tipo de ítem Koha
    Dewey Decimal Classification     General Zootecnia Zootecnia   09/11/2005 Volumen: 1 Tomo: 1 z_3294 18/01/2022 1 18/01/2022 Libro
    Dewey Decimal Classification     General Zootecnia Zootecnia   09/11/2005 Volumen: 2 Tomo: 2 z_3295 18/01/2022 1 18/01/2022 Libro
    Dewey Decimal Classification     General Zootecnia Zootecnia   09/11/2005 Volumen: 3 Tomo: 3 z_3296 18/01/2022 1 18/01/2022 Libro
    Dewey Decimal Classification     General Zootecnia Zootecnia   09/11/2005 Volumen: 4 Tomo: 4 z_3297 18/01/2022 1 18/01/2022 Libro